| 000 | 06444nam a22004937a 4500 | ||
|---|---|---|---|
| 005 | 20091214113145.0 | ||
| 020 |
_a8188318582 _c175.00 |
||
| 035 | _aB-373000-025 | ||
| 037 | _bसनशाइन बुक्स/ PUB | ||
| 082 | _a510 | ||
| 100 |
_aसंदीप कुमार _916464 |
||
| 245 |
_aगणित के रोचक खेल / _cसंदीप कुमार |
||
| 260 |
_aनई दिल्ली _bसनशाइन बुक्स _c2008 |
||
| 270 |
_a4760-61, द्वितीय तल, 23, अंसारी रोड, दरियागंज _bनई दिल्ली _e110002 |
||
| 300 |
_a136पृ. _c22सेमी (सजिल्द) _bसचित्र |
||
| 942 |
_2ddc _cCH _h510 _mसंदीप |
||
| 999 |
_c32732 _d32732 |
||